|
|
|
แสดงรายละเอียดบรรณานุกรม |
|
|
Brief Record
: Get Marc (ISO 2709)
: E-mail record
: |
|
|
| LEADER 00000nam 2200000uu 4500 | |||
| 001 48579 | |||
| 003 ULIBM | |||
| 008 160217s||||||||th 000 0 tha d | |||
| 020 ^a 9786163447555 | |||
| 082 0 ^a 920.71 ^b อ-ร | |||
| 100 0 ^a องอาจ คล้ายไพบูลย์ | |||
| 245 00 ^a รวมแรงใจให้เธอ...เนปาล/^c องอาจ คล้ายไพบูลย์ | |||
| 250 ^a พิมพ์ครั้งที่ 1 | |||
| 260 ู^a กรุงเทพฯ: ^b เพชรประกาย,^c 2558 | |||
| 300 ^a 240 หน้า 195 บาท | |||
| 650 0 ^a เนปาล | |||
| 999 ^aกัลยา เตชะ | |||
| คุณยังไม่ได้ล็อกอิน คุณสามารถมีกิจกรรมร่วมกับเว็บไซต์ได้ แต่ต้องล็อกอินก่อน :: |
|
| สถานะ | |||||||||
| 1. | หนังสือ | 920.71 อ-ร Barcode: 082238 | ►หนังสือทั่วไป | On Shelf ขอยืม | |||||
| [แสดง 1/1 รายการ] | |||||||||

| รายการใกล้เคียง หัวเรื่อง [เนปาล]
|
BibComment |
| คอมเมนท์ทรัพยากรรายการนี้ |
|
|
ห้องสมุดโรงเรียนสามัคคีวิทยาคม
159 ถ.บรรพปราการ ต.เวียง อ.เมือง จ.เชียงราย 57000
โทร. 053-711018 โทรสาร 053-713003